Odgadnij proponowane flagi państw świata. - Statystyki

Ogólne statystyki
  • Ten quiz został rozwiązany 145 razy
  • Średni wynik to 21 z 38
Statystyki odpowiedzi
Obrazkowy Odpowiedź % Poprawnych
Hiszpania
91%
Australia
86%
Irlandia
83%
Francja
81%
Macedonia
80%
Kanada
76%
Belgia
74%
Kuwejt
73%
Chiny
72%
Pakistan
72%
Kosowo
71%
Wielka Brytania
71%
Brazylia
69%
Portugalia
69%
Niemcy
67%
Nowa Zelandia
67%
Filipiny
66%
Izrael
66%
Indie
62%
Węgry
62%
Serbia
58%
Luksemburg
55%
Estonia
53%
Ukraina
53%
Dania
52%
Kazachstan
52%
Egipt
50%
Rwanda
45%
Tajwan
38%
Polska
37%
Świat
31%
Unia Europejska
24%
Mozambik
23%
Rosja
22%
Słowenia
21%
Włochy
16%
Wietnam
10%
Słowacja
8%
Nie znaleziono quizów pasujących do podanych kryteriów
Rozkład punktacji
Procent ludzi z każdym wynikiem
Percentyl według liczby udzielonych odpowiedzi
Twoja historia wyników
Nie rozwiązałeś tego quizu